000 00727nam a22002650a 4500
001 PT2240
003 AR-LpoUNG
005 20220714135615.0
008 191001suuuu||||ag |||||||||||||||||spa d
040 _aAR-LpoUNG
_bspa
_cAR-LpoUNG
_eaacr
041 _aspa
044 _aag
082 0 _aR912 969m
245 1 0 _aAtlas general de la provincia de Misiones
250 _a1ra. ed.
260 _aPosadas :
_bDirección General de Estadística y Censos,
_c1976.
300 _a184 p. :
_bgráfs., mapas
650 4 _aATLAS
650 4 _aGEOGRAFIA
650 4 _aMATERIAL DE REFERENCIA
651 4 _aArgentina
710 2 _aMisiones. Dirección General de Estadística y Censos
905 _a2240
942 _cLSALA
_2ddc
999 _c2070
_d2070